La Iglesia y los Judíos en el IIIer Concilio Mexicano (1585) (Record no. 111904)
[ view plain ]
| 000 -LEADER | |
|---|---|
| campo de control de longitud fija | 00585nam a2200169 4500 |
| 001 - NÚMERO DE CONTROL | |
| campo de control | 111904 |
| 003 - IDENTIFICADOR DE NÚMERO DE CONTROL | |
| campo de control | ES-MaACL |
| 005 - FECHA Y HORA DE LA ÚLTIMA TRANSACCIÓN | |
| campo de control | 20230906185401.0 |
| 007 - CAMPO FIJO DE DESCRIPCIÓN FÍSICA--INFORMACIÓN GENERAL | |
| campo de control de longitud fija | t| |
| 008 - DATOS DE LONGITUD FIJA--INFORMACIÓN GENERAL | |
| campo de control de longitud fija | 061121s1945 mx r ||||1| spa d |
| 100 1# - ENTRADA PRINCIPAL--NOMBRE DE PERSONA | |
| Nombre de persona | Navarro, B. Bernabé. |
| 9 (RLIN) | 85058 |
| 245 13 - MENCIÓN DEL TÍTULO | |
| Título | La Iglesia y los Judíos en el IIIer Concilio Mexicano (1585) |
| Resto del título | : ensayo crítico / |
| Mención de responsabilidad, etc. | Berbabé B. Navarro ; con prólogo del Dr. Gabriel Méndez Plancarte. |
| 260 ## - PUBLICACIÓN, DISTRIBUCIÓN, ETC. | |
| Lugar de publicación, distribución, etc. | México : |
| Nombre del editor, distribuidor, etc. | Abside, |
| Fecha de publicación, distribución, etc. | 1945. |
| 300 ## - DESCRIPCIÓN FÍSICA | |
| Extensión | 61 p. ; |
| Dimensiones | 23 cm. |
| 700 1# - ENTRADA AGREGADA--NOMBRE PERSONAL | |
| Nombre de persona | Méndez Plancarte, Gabriel. |
| 9 (RLIN) | 80171 |
| 852 ## - LOCALIZACIÓN | |
| Ubicación | ES-MaACL |
| Número de control de estantería | 1883-F-15 |
| Sublocalización o colección | R.25827 |
| Estatus retirado | Estado de pérdida | Estado de daño | No para préstamo | Colección | Biblioteca de origen | Biblioteca actual | Ubicación en estantería | Fecha de adquisición | Fuente de adquisición | Total de préstamos | Signatura topográfica completa | Código de barras | Visto por última vez | Precio de reemplazo | Tipo de ítem Koha |
|---|---|---|---|---|---|---|---|---|---|---|---|---|---|---|---|
| Colección de folletos | Biblioteca del Ateneo de Madrid | Biblioteca del Ateneo de Madrid | Depósito folletos | 17/01/2008 | 1883-F-15 | 1116731 | 23/02/2023 | 23/02/2023 | Folleto |
